| 000 | 00685nam a2200205Ii 4500 | ||
|---|---|---|---|
| 003 | JO-AjNU | ||
| 008 | 230605s9999||||xx |||||||||||||| ||und|| | ||
| 040 |
_aJO-AjNU _bara _erda _cJO-AjNU |
||
| 041 | _aara | ||
| 050 | 1 | 4 | _aBP632.A28 2002 |
| 100 | 3 |
_aأبو يحيى، محمد حسن, _eauthor _916858 |
|
| 245 | 0 | 0 | _aالميراث في الشريعة الإسلامية من الناحية الفقهية والتطبيقية |
| 250 | _aط1 | ||
| 264 | 3 | 1 | _aعمان: المؤلف، 2002 |
| 300 | _a258ص | ||
| 336 |
_atext _btxt _2rdacontent |
||
| 337 |
_aunmediated _bn _2rdamedia |
||
| 338 |
_avolume _bnc _2rdacarrier |
||
| 650 | 4 |
_aالمواريث- فقه اسلامي _916859 |
|
| 999 |
_aA5089 _c8657 _d8657 |
||